000 00396nam a2200145Ia 4500
008 230711s9999||||xx |||||||||||||| ||und||
041 _aENG
082 _a720
_bST-B
100 _aStall T.M
245 0 _aBuilding in hot climate structural of geology and geological imapplying
250 _a1st
260 _c1990
_aNew Delhi
_bNirja Const & Development co.Ltd
650 _aArchitecture
942 _cBK
999 _c43
_d43